D' Albert koncertje
Elmentve itt :
| Dokumentumtípus: | Cikk |
|---|---|
| Megjelent: |
1924-01-17
|
| Sorozat: | Délmagyarország
5 No. 14 |
| Kulcsszavak: | D'Albert Eugén, Zenei élet hangverseny Szeged 1924, Szeged, zeneélet |
| Online Access: | http://dmarchiv.bibl.u-szeged.hu/75790 |
| LEADER | 00444nab a2200145 i 4500 | ||
|---|---|---|---|
| 001 | delm75790 | ||
| 005 | 20180928084405.0 | ||
| 008 | 180928s1924 hu o 0|| hun d | ||
| 040 | |a SZTE Délmagyarország Archívum |b hun | ||
| 041 | |a hun | ||
| 245 | 0 | 0 | |a D' Albert koncertje |h [elektronikus dokumentum] |
| 260 | |c 1924-01-17 | ||
| 300 | |a 6 | ||
| 490 | 0 | |a Délmagyarország |v 5 No. 14 | |
| 695 | |a D'Albert Eugén, Zenei élet hangverseny Szeged 1924, Szeged, zeneélet | ||